ბათუმის შოთა რუსთაველის სახელმწიფო უნივერსიტეტის ბიბლიოთეკა

Уголовное право : (ბიბ.ჩანაწერი № 36035)

000 -LEADER
fixed length control field 01006nam a2200253Ia 4500
001 - CONTROL NUMBER
control field 1934
003 - CONTROL NUMBER IDENTIFIER
control field GE_BSU
005 - DATE AND TIME OF LATEST TRANSACTION
control field 20221011103709.0
008 - FIXED-LENGTH DATA ELEMENTS--GENERAL INFORMATION
fixed length control field 181216s2005ru xx |||||||||||||| ||rus||
020 ## - INTERNATIONAL STANDARD BOOK NUMBER
International Standard Book Number 238009623
040 ## - CATALOGING SOURCE
Transcribing agency GE_BSU
041 ## - LANGUAGE CODE
Language code of text/sound track or separate title rus
080 ## - UNIVERSAL DECIMAL CLASSIFICATION NUMBER
Universal Decimal Classification number 343(470)(075.8) У-26
245 ## - TITLE STATEMENT
Title Уголовное право :
Remainder of title Учебник для студ. высш учеб. Завед. /
Statement of responsibility, etc. Под. ред. Н.И. Ветрова, А.В.Бриллиантова
245 ## - TITLE STATEMENT
Remainder of title Изд.3-ье, перер.и доп.
264 ## - PRODUCTION, PUBLICATION, DISTRIBUTION, MANUFACTURE, AND COPYRIGHT NOTICE
Place of production, publication, distribution, manufacture Москва :
Name of producer, publisher, distributor, manufacturer Юнити. Закон и право ,
Date of production, publication, distribution, manufacture, or copyright notice 2005.
300 ## - PHYSICAL DESCRIPTION
Extent 623 с.:
Other physical details 21 см.
653 ## - INDEX TERM--UNCONTROLLED
keyword Уголовное право.
653 ## - INDEX TERM--UNCONTROLLED
keyword სისხლის სამართლის სამართალი
653 ## - INDEX TERM--UNCONTROLLED
keyword სამართალი
700 ## - ADDED ENTRY--PERSONAL NAME
Personal name Ветрова, Н.И.
Relator term რედაქტორი
9 (RLIN) 15219
700 ## - ADDED ENTRY--PERSONAL NAME
Personal name Бриллиантова, А.В.
Relator term რედაქტორი
9 (RLIN) 15220
942 ## - ADDED ENTRY ELEMENTS (KOHA)
Koha item type წიგნი
Source of classification or shelving scheme
ეგზემპლარები
Withdrawn status Lost status Source of classification or shelving scheme Damaged status Not for loan Permanent Location Current Location Shelving location Date acquired Cost, normal purchase price Full call number Barcode Date last seen Copy number Price effective from Koha item type Public note
          ბათუმის შოთა რუსთაველის სახელმწიფო უნივერსიტეტის მთავარი ბიბლიოთეკა ბათუმის შოთა რუსთაველის სახელმწიფო უნივერსიტეტის მთავარი ბიბლიოთეკა წიგნსაცავი 2018-12-17 20.00 343(470)(075.8) У-26 3937 2018-12-17 3937 2018-12-17 წიგნი 20.00